Statistics for Countries Whose Capitals Start With Letter H

Click here to take the quiz!

General Stats

  • This quiz has been taken 171 times
  • The average score is 4 of 5

Answer Stats

CapitalCountry% Correct
HelsinkiFinland
92%
HanoiVietnam
91%
HavanaCuba
88%
HoniaraSolomon Islands
85%
HarareZimbabwe
82%

Score Distribution

Percentile by Number Answered

Percent of People with Each Score

Your Score History

You have not taken this quiz